Internet shopping. (Record no. 61333)
[ view plain ]
| 000 -LEADER | |
|---|---|
| fixed length control field | 00773cam a2200169 4500 |
| 001 - CONTROL NUMBER | |
| control field | WB3528-43 |
| 008 - FIXED-LENGTH DATA ELEMENTS--GENERAL INFORMATION | |
| fixed length control field | 000000n1999 000 0 eng u |
| 035 ## - SYSTEM CONTROL NUMBER | |
| System control number | (Sirsi) u102308 |
| 245 ## - TITLE STATEMENT | |
| Title | Internet shopping. |
| 260 ## - PUBLICATION, DISTRIBUTION, ETC. | |
| Date of publication, distribution, etc. | 1999 |
| 490 ## - SERIES STATEMENT | |
| Series statement | Financial Times |
| Volume/sequential designation | 19 July 1999, 8(2) |
| 520 ## - SUMMARY, ETC. | |
| Summary, etc. | Four out of five teenagers want to shop on the internet, but retailers are failing to cater for their preferences or make their sites easy for them to use. Companies are also finding that internet operations are not just bolt-on. Instead traditional business models need to be adapted for e-commerce. Chart of worldwide internet revenue. |
| 650 ## - SUBJECT ADDED ENTRY--TOPICAL TERM | |
| Topical term or geographic name entry element | ELECTRONIC COMMERCE |
| 650 ## - SUBJECT ADDED ENTRY--TOPICAL TERM | |
| Topical term or geographic name entry element | INTERNET |
| 690 ## - LOCAL SUBJECT ADDED ENTRY--TOPICAL TERM (OCLC, RLIN) | |
| Topical term or geographic name as entry element | MANAGEMENT-BUSINESS MANAGEMENT-INFORMATION MANAGEMENT |
| 942 ## - ADDED ENTRY ELEMENTS (KOHA) | |
| Suppress in OPAC | 0 |
| Withdrawn status | Lost status | Source of classification or shelving scheme | Damaged status | Not for loan | Home library | Current library | Shelving location | Date acquired | Total Checkouts | Full call number | Barcode | Date last seen | Copy number | Price effective from | Koha item type |
|---|---|---|---|---|---|---|---|---|---|---|---|---|---|---|---|
| Dewey Decimal Classification | London | London | News article | 19/11/1999 | WB3528-43 | 102308-1001 | 06/08/2019 | 1 | 06/08/2019 | News article |